| 000 | 00524nam a2200193 i 4500 | ||
|---|---|---|---|
| 001 | 30095 | ||
| 003 | ES-MaACL | ||
| 005 | 20230906154134.0 | ||
| 007 | t| | ||
| 008 | 030123s1977 sp ||||1| spa d | ||
| 100 | 1 |
_aBarrot, Jean. _926073 |
|
| 245 | 1 | 0 |
_aCapitalismo y comunismo / _cJean Barrot. |
| 260 |
_aBilbao : _bZero ; _aMadrid : _bTipoart, _c1977. |
||
| 300 |
_a70 p. ; _c17 cm. |
||
| 490 | 1 | _aLee y discute | |
| 830 | 0 |
_aLee y discute _9181315 |
|
| 852 |
_aES-MaACL _jA-7299 _bR.96652 |
||
| 999 |
_c30095 _d30095 |
||